000 01568nam0a22003731 4500
001 v19\rc\1357456
005 20181022144925.0
035 _a(NLR Aleph) 004562605
090 _a2293597
_c2293597
100 _a20060512d1865 |||y0rusy50 ca
101 1 _arus
_cger
102 _aRU
105 _aa z |||||
200 1 _aСвет и его приложения
_eОбщепонят. руководство д-ра Циммермана
_fПер. и ред. А. Горчакова, а доп. сост. В. Фон-Боолем
210 _aСанкт-Петербург
_cтип. т-ва "Обществ. польза"
_d1865
215 _a[6], 319 с.
_cил.
_d22
300 _aНа тит. л. номер изд.: № 181
300 _aАвт. в кн. не указан; установлен по кат. РНБ
320 _aБиблиогр.: с. 318-319
700 1 _6z01790
_aФольмер
_bК. Г. В.
_f1797-1864
_gКарл Готфрид Вильгельм
702 1 _4730
_4340
_7ca
_8rus
_aГорчаков
_bА. М.
_f1798-1883
_gАлександр Михайлович
_95612
_3RU\NLR\AUTH\7722555
702 1 _aБооль
_bВ. Г. фон
_f1835-1899
_gВладимир Георгиевич фон
_4220
790 0 _6z01700
_aЦиммерман
_f1797-1864
801 0 _aRU
_bNLR
_gpsbo
801 0 _aRU
_bRuMoRGB
_2psbo
801 1 _aRU
_bProSoft-M
_2rusmarc
852 _aNLR
_j18.8.4.42
899 _aНБ СПбГУ
899 _aБАН
899 _aRuMoRGB
_jE 55/105
899 _aRuMoRGB
_jW 79/188
942 _cBOOK
980 _aNB